书目信息 |
| 题名: |
高原景观
|
|
| 作者: | 王圆明 著 | |
| 分册: | ||
| 出版信息: | 武汉 华中科技大学出版社 2021.3 |
|
| 页数: | 131页 | |
| 开本: | 29cm | |
| 丛书名: | ||
| 单 册: | ||
| 中图分类: | J213.04 | |
| 科图分类: | ||
| 主题词: | 油画--绘画创作--研究--中国 | |
| 电子资源: | ||
| ISBN: | 978-7-5680-6868-0 | |
| 000 | 01326nam0 2200241 45 | |
| 001 | 012001001899 | |
| 005 | 20141011165737.0 | |
| 010 | @a978-7-5680-6868-0@dCNY88.00 | |
| 100 | @a20210611d2021 em y0chiy50 ea | |
| 101 | 0 | @achi |
| 102 | @aCN@b420000 | |
| 105 | @aa z 000yy | |
| 106 | @ar | |
| 200 | 1 | @a高原景观@Agao yuan jing guan@b专著@e西部自然与人物题材绘画实践研究@f王圆明著 |
| 210 | @a武汉@c华中科技大学出版社@d2021.3 | |
| 215 | @a131页@d29cm | |
| 300 | @a贵阳市财政支持贵阳学院学科建设与研究生教育项目成果 | |
| 330 | @a本书内容以云贵高原、内蒙古高原等中国西部高原上的人和物为对象进行创作汇集和实践研究。著作包括油画创作和研究,预计30至40幅西部景观和人物题材主题创作和研究探讨;纸本绘画60至70幅包括人物、风景等,体裁包括素描、水彩等。本书不仅有实践内容,而且有实践研究,是一本内容丰富的著作。在关于仿古地毯图案配色理论的启示下,如“靠色配、插花配、色分三层的配色理论”,将这一配色理论运用于西部景观和人物题材的油画创作实践上,以云贵高原、内蒙古高原等中国西部高原上的人和物为对象进行创作汇集和研究,出版本著作。油画创作预计划30至40幅包括民俗主题创作,人物、风景创作等;纸本绘画60至70幅包括人物、风景等,体裁包括素描、水彩等。 | |
| 606 | 0 | @a油画@x绘画创作@x研究@y中国 |
| 690 | @aJ213.04@v5 | |
| 701 | 0 | @a王圆明@Awang yuan ming@4著 |
| 801 | 2 | @aCN@b江苏凤凰@c20211018 |
| 905 | @b1346153-6@dJ213.04@e1577@f4 | |
| 高原景观:西部自然与人物题材绘画实践研究/王圆明著.-武汉:华中科技大学出版社,2021.3 |
| 131页;29cm |
| 贵阳市财政支持贵阳学院学科建设与研究生教育项目成果 |
| ISBN 978-7-5680-6868-0:CNY88.00 |
| 本书内容以云贵高原、内蒙古高原等中国西部高原上的人和物为对象进行创作汇集和实践研究。著作包括油画创作和研究,预计30至40幅西部景观和人物题材主题创作和研究探讨;纸本绘画60至70幅包括人物、风景等,体裁包括素描、水彩等。本书不仅有实践内容,而且有实践研究,是一本内容丰富的著作。在关于仿古地毯图案配色理论的启示下,如“靠色配、插花配、色分三层的配色理论”,将这一配色理论运用于西部景观和人物题材的油画创作实践上,以云贵高原、内蒙古高原等中国西部高原上的人和物为对象进行创作汇集和研究,出版本著作。油画创作预计划30至40幅包括民俗主题创作,人物、风景创作等;纸本绘画60至70幅包括人物、风景等,体裁包括素描、水彩等。 |
| ● |
| 相关链接 |
|
|
|
|
正题名:高原景观
索取号:J213.04/1577
 
预约/预借
| 序号 | 登录号 | 条形码 | 馆藏地/架位号 | 状态 | 备注 |
| 1 | 1346153 | 213461537 | 第一样本阅览室/ [索取号:J213.04/1577] | 在馆 | |
| 2 | 1346154 | 213461546 | 第一借阅区/ [索取号:J213.04/1577] | 在馆 | |
| 3 | 1346155 | 213461555 | 第一借阅区/ [索取号:J213.04/1577] | 在馆 | |
| 4 | 1346156 | 213461564 | 第一借阅区/ [索取号:J213.04/1577] | 在馆 |